| 000 | 00602nam a2200133Ia 4500 | ||
|---|---|---|---|
| 008 | 100328s9999 xx 000 0 und d | ||
| 082 | _b72053 | ||
| 100 | _aघारे दीपक-अनु.(मूळ लेखक-अॅन मारीया स्टीन) | ||
| 245 | _aथोर चित्रकार चोर (Three Picassos Before Breakfast) | ||
| 260 | _bमनोविकास. | ||
| 630 | _aथोर चित्रकार चोर (Three Picassos Before Breakfast) | ||
| 730 | _aथोर चित्रकार चोर (Three Picassos Before Breakfast) | ||
| 942 | _cBOOK | ||
| 999 |
_c557776 _d557773 |
||